| 000 | 01843nam a2200217 4500 | ||
|---|---|---|---|
| 005 | 20250505141328.0 | ||
| 008 | 250505b |||||||| |||| 00| 0 eng d | ||
| 020 | _a9780520296039 | ||
| 037 | _cTextual | ||
| 040 |
_aRTL _cRTL |
||
| 084 |
_aY9(L:4234).73 Q9 _qRTL |
||
| 100 |
_aWatkins-Hayes, Celeste _9754081 |
||
| 245 | _aRemaking a life: How women living with HIV/AIDS confront inequality | ||
| 260 |
_aOakland _bUniversity of California Press _c2019 |
||
| 300 |
_axii, 319 p. ill. _bIncludes bibliographical references and index |
||
| 520 | _aIn the face of life-threatening news, how does our view of life change—and what do we do it transform it? Remaking a Life uses the HIV/AIDS epidemic as a lens to understand how women generate radical improvements in their social well being in the face of social stigma and economic disadvantage. Drawing on interviews with nationally recognized AIDS activists as well as over one hundred Chicago-based women living with HIV/AIDS, Celeste Watkins-Hayes takes readers on an uplifting journey through women’s transformative projects, a multidimensional process in which women shift their approach to their physical, social, economic, and political survival, thereby changing their viewpoint of “dying from” AIDS to “living with” it. With an eye towards improving the lives of women, Remaking a Life provides techniques to encourage private, nonprofit, and government agencies to successfully collaborate, and shares policy ideas with the hope of alleviating the injuries of inequality faced by those living with HIV/AIDS everyday. | ||
| 650 |
_aHIV-positive women- United States _9754082 |
||
| 650 |
_aAIDS- disease- United States in women _9754083 |
||
| 650 |
_aHIV- positive women- medical care- United states _9754084 |
||
| 942 |
_2CC _n0 _cTB _hY9(L:4234).73 Q9 |
||
| 999 |
_c1311210 _d1311210 |
||